000 00422nam a2200181Ia 4500
001 11355
005 20260306162822.0
008 260306t2015||||xx |||||||||||||| ||spa||
041 _aESP
082 _a985.033
_bW19
100 _aWalker, Charles
_eAUT
245 0 _aLa rebelión de Tupac Amaru
260 _c2015
300 _a377 páginas :
_c24 cm.
650 _aGEN
654 _aCHU
942 _cLIB
_dJUS
_fJUS
_2ddc
_n
999 _c11355
_d11355